000 00928nam a22002537a 4500
999 _c64943
_d64943
005 20240530110759.0
008 190116s2018 ua g b 000 0|ara d
017 _a2018/4575
_bمصر. دار الكتب
020 _a9789779117362
040 _aEG-CaGPL
_cEG-CaGPL
082 0 4 _221
_a320.513 /
_bق/إ ف
100 0 _aايمان العوضى
245 1 2 _aالفكر الليبرالى فى مصر :
_b1919 - 1961 م /
_cايمان العوضى ؛ تقديم عاصم الدسوقى
250 _aط. 1
260 _aالقاهرة :
_bالهيئة المصرية العامة للكتاب،
_c2017.
300 _a247 ص. ؛
_c24 سم.
650 0 7 _2qrmak
_aالليبرالية
650 0 7 _2qrmak
_aالعلوم السياسية
650 0 7 _2qrmak
_aالراديكالية
651 _2qrmak
700 0 _aعاصم الدسوقى
_eمقدم
942 _2ddc
_cBK